000
00507nam a2200181Ia 4500
008
100917s9999 xx 000 0 und d
082
_b
11131
100
_a
मंगळवेढेकर राजा
245
_a
सिध्दार्थ
260
_b
प्रेस्टिज प्रकाशन
_c
1972
300
_a
133
365
_b
4
520
_a
कथा
630
_a
सिध्दार्थ
650
_a
कथा
730
_a
सिध्दार्थ
942
_c
BOOK
999
_c
616525
_d
616522